Zemědělství, kollektivisace rolnických usedlostí a obdělané plochy /

Hlavní autor: Koťátko, Jiří, 1899-1962
Jazyk: Čeština
Vydáno: Praha : Prokopová, 1935
Edice: Monografie SSSR
Fyzický popis: 67 s.
Knihy
Uloženo v:
LEADER 00675nam a2200205 a 4500
001 000638730
003 CZ BrMZK
005 20021202111357.0
007 ta
008 021127s1935 xr f cze d
040 |a BOA001  |b cze  |c BOA001 
100 1 |a Koťátko, Jiří,  |d 1899-1962  |7 jk01062131  |4 aut 
245 1 0 |a Zemědělství, kollektivisace rolnických usedlostí a obdělané plochy /  |c Jiří Koťátko 
260 |a Praha :  |b Prokopová,  |c 1935 
300 |a 67 s. 
490 1 |a Monografie SSSR ;  |v 11-12 
830 0 |a Monografie SSSR 
910 |a BOA001  |b 2-0291.885 
990 |a BK 
996 6 |b 2619214885  |c 2-0291.885  |l MZK  |r Sklad / do 24 hodin  |n 5  |w 000638730  |u 000010  |a 1  |e BOA001  |j MZK50  |s P